000 00684nam a2200205Ia 4500
001 10258
003 GE_BSU
008 181216s||||||||xx |||||||||||||| ||und||
040 _cGE_BSU
080 _a821.353.1–1+821.353.1-11
100 _aსტურუა,ლია
245 _aლექსები,პოემები
245 _cრედ.ი.შაიშმელაშვილი.მხატვ.დ.დუნდუა
260 _aთბილისი
260 _bსაბჭოთა საქართველო
260 _c1986
300 _a271გვ.პორტრ.17სმ.
653 _aლექსები,პოემები
942 _cBK
999 _c43527
_d43527